| 000 | 00774nam a2200217 a 4500 | ||
|---|---|---|---|
| 003 | MX-MxUPN | ||
| 005 | 20240808063821.0 | ||
| 008 | 991125s1908 mx a r 000 0 spa d | ||
| 035 | _aUPN01000000130 | ||
| 040 |
_aMX-MxUPN _bspa _cMX-MxUPN |
||
| 041 | 0 | _aspa | |
| 050 | 1 | 4 |
_aSB191 M2 _bH628 |
| 100 | 1 |
_aHolden, P. G. _q(Perry Greeley), _d1865-1959 _952906 |
|
| 245 | 1 | 3 |
_aEl a. b. c. del cultivo del maíz / _cpor P. G. Holden ; tr. Mayor Porfirio Díaz. |
| 260 |
_aMéxico : _bImprenta y Fototipia de la Secretaría de Fomento, _c1908. |
||
| 300 |
_a243 páginas : _bilustraciones |
||
| 650 | 4 |
_aMaíz _xCultivo _95208 |
|
| 700 | 0 |
_aP.B. Molina _951433 _epropietario anterior |
|
| 710 | 2 |
_aMuseo Pedagógico Nacional (México) _951335 _epropietario anterior |
|
| 942 |
_2lcc _cLIBRO |
||
| 999 |
_c130 _d130 |
||